| 000 | 00955cab a2200265 4500 | ||
|---|---|---|---|
| 001 | ABS45551 | ||
| 008 | 090401t1991 xxu||||| |||| 00| 0 eng d | ||
| 035 | _a(Sirsi) u53687 | ||
| 041 | _aeng | ||
| 100 | _aTyler, M. | ||
| 245 | _aLegionnaires` disease - the new regime | ||
| 260 | _c1991 | ||
| 350 | _a0 | ||
| 490 |
_aProperty Journal _v16(6) December 1991, 11-13(3) |
||
| 520 | _aReviews the Approved Code of Practice and revision of the Guidance Note published by the HSC and HSE on managing heating and water systems to prevent outbreaks of Legionnaires` disease. Picks out the main changes in guidance and discusses responsibility for carrying out safety measures. | ||
| 650 | _aCOOLING TOWERS | ||
| 650 | _aLEGIONNAIRES' DISEASE | ||
| 650 | _aPREVENTION | ||
| 650 | _aWATER SYSTEMS | ||
| 690 |
_aBlock management _96220 |
||
| 690 | _aENVIRONMENTAL AND LAND CONSULTANCY | ||
| 700 | _aLogan, A. | ||
| 942 | _n0 | ||
| 948 | _c04/03/1997 | ||
| 999 |
_c33039 _d33039 |
||